| Tag |
First Indicator |
Second Indicator |
Subfields |
| LEADER |
00000cam a2200000 4500 |
| 001 |
in00000096946 |
| 005 |
20150925090644.0 |
| 008 |
711105s1971 nyua b 10000 eng |
| 010 |
|
|
|a 75157732
|
| 035 |
|
|
|a (OCoLC)00205656
|
| 035 |
|
|
|9 AAL2661AM
|
| 040 |
|
|
|a DLC
|c DLC
|d TXA
|d UtOrBLW
|
| 049 |
|
|
|a TXAM
|c [1147130]
|
| 050 |
0 |
0 |
|a TN291
|b .I53 1970
|
| 082 |
0 |
|
|a 622/.31
|
| 111 |
2 |
|
|a International Conference on Stability in Open Pit Mining
|n (1st :
|d 1970 :
|c Vancouver, B.C.)
|
| 245 |
1 |
0 |
|a Stability in open pit mining ;
|b proceedings /
|c Edited by C. O. Brawner and V. Milligan.
|
| 264 |
|
1 |
|a New York :
|b Society of Mining Engineers of the American Institute of Mining, Metallurgical, and Petroleum Engineers,
|c 1971.
|
| 300 |
|
|
|a v, 242 pages :
|b illustrations ;
|c 24 cm.
|
| 336 |
|
|
|a text
|b txt
|2 rdacontent
|
| 337 |
|
|
|a unmediated
|b n
|2 rdamedia
|
| 338 |
|
|
|a volume
|b nc
|2 rdacarrier
|
| 500 |
|
|
|a "Sponsored by Center for Continuing Education, University of British Columbia, Engineering Institute of Canada (B.C. Section), [and] Canadian Institute of Mining and Metallurgy (B.C. Section)."
|
| 504 |
|
|
|a Includes bibliographies.
|
| 650 |
|
0 |
|a Slopes (Soil mechanics)
|x Congresses.
|
| 650 |
|
0 |
|a Strip mining
|x Congresses.
|
| 700 |
1 |
|
|a Brawner, C. O.
|
| 700 |
1 |
|
|a Milligan, V.
|q (Victor)
|
| 710 |
2 |
|
|a University of British Columbia.
|b Centre for Continuing Education.
|
| 710 |
2 |
|
|a Engineering Institute of Canada.
|b B.C. Section.
|
| 710 |
2 |
|
|a Canadian Institute of Mining and Metallurgy.
|b B.C. Section.
|
| 999 |
|
|
|a MARS
|
| 999 |
f |
f |
|s d4b4502f-dccd-3f66-9d65-072948fa4797
|i ef9be67b-8feb-33b1-9553-b72e6216bd1d
|t 0
|
| 952 |
f |
f |
|p ric
|a Texas A&M University
|b Rellis Campus
|c Joint Library Facility
|d Remote Storage
|t 0
|e TN291 .I53 1970
|h Library of Congress classification
|i unmediated -- volume
|m A14805575714
|
| 998 |
f |
f |
|a TN291 .I53 1970
|t 0
|l Remote Storage
|